NFL Offensive Starters 2020 - Statistics

General Stats
  • This quiz has been taken 2,328 times
    2,277 since last reset
  • The average score is 84 of 128
Answer Stats
Pos. Team Player % Correct
QB Buccaneers Tom Brady
94%
QB Bills Josh Allen
93%
WR Chargers Keenan Allen
92%
RB Packers Aaron Jones
91%
QB Giants Daniel Jones
91%
WR Falcons Julio Jones
91%
WR Lions Marvin Jones
91%
QB Patriots Cam Newton
89%
WR Bills Stefon Diggs
89%
QB Cowboys Dak Prescott
85%
QB Ravens Lamar Jackson
85%
WR Titans A.J. Brown
84%
WR Eagles DeSean Jackson
83%
RB Cowboys Ezekiel Elliott
83%
WR Bills John Brown
83%
WR Ravens Marquise Brown
83%
QB Chiefs Patrick Mahomes
83%
QB Seahawks Russell Wilson
83%
WR Chiefs Tyreek Hill
83%
QB Packers Aaron Rodgers
82%
QB Eagles Carson Wentz
82%
WR Steelers JuJu Smith-Schuster
82%
QB Bengals Joe Burrow
81%
QB Lions Matthew Stafford
81%
RB Vikings Dalvin Cook
80%
QB Vikings Kirk Cousins
80%
QB Titans Ryan Tannehill
80%
QB Browns Baker Mayfield
79%
QB Steelers Ben Roethlisberger
79%
WR Packers Davante Adams
79%
QB Raiders Derek Carr
79%
QB Saints Drew Brees
79%
QB Broncos Drew Lock
79%
QB Rams Jared Goff
79%
QB Cardinals Kyler Murray
79%
QB Falcons Matt Ryan
79%
RB Giants Saquon Barkley
79%
RB Titans Derrick Henry
78%
QB Texans Deshaun Watson
78%
WR Buccaneers Mike Evans
78%
WR Cowboys Amari Cooper
77%
WR Cardinals DeAndre Hopkins
77%
WR Saints Michael Thomas
77%
RB Browns Nick Chubb
77%
RB Saints Alvin Kamara
76%
WR Seahawks D.K. Metcalf
76%
WR Browns Odell Beckham Jr.
76%
QB 49ers Jimmy Garoppolo
75%
RB Bengals Joe Mixon
75%
QB Chargers Tyrod Taylor
75%
WR Vikings Adam Thielen
74%
WR Buccaneers Chris Godwin
74%
QB Colts Philip Rivers
74%
WR Seahawks Tyler Lockett
74%
WR Rams Cooper Kupp
73%
RB Texans David Johnson
73%
WR Steelers Diontae Johnson
73%
QB Jets Sam Darnold
73%
RB Raiders Josh Jacobs
72%
WR Vikings Justin Jefferson
72%
QB Dolphins Ryan Fitzpatrick
72%
WR Bears Allen Robinson
70%
RB Jaguars James Robinson
70%
WR Browns Jarvis Landry
70%
WR Chargers Mike Williams
70%
RB Panthers Christian McCaffrey
69%
WR Dolphins Preston Williams
69%
WR Raiders Tyrell Williams
69%
WR Saints Emmanuel Sanders
68%
RB Steelers James Conner
68%
RB Buccaneers Leonard Fournette
68%
RB Eagles Miles Sanders
68%
WR 49ers Deebo Samuel
67%
RB Bills Devin Singletary
67%
QB Bears Mitch Trubisky
66%
WR Redskins Terry McLaurin
64%
RB Falcons Todd Gurley
64%
WR Panthers D.J. Moore
63%
WR Colts T.Y. Hilton
63%
WR Bengals A.J. Green
62%
WR Falcons Calvin Ridley
62%
RB Seahawks Chris Carson
62%
WR Titans Corey Davis
62%
RB Chargers Austin Ekeler
61%
QB Jaguars Gardner Minshew
61%
WR Broncos Courtland Sutton
60%
RB Lions D'Andre Swift
60%
WR Bengals Tyler Boyd
60%
WR Dolphins DeVante Parker
59%
WR Patriots Julian Edelman
59%
WR Broncos Jerry Jeudy
58%
WR Cowboys Michael Gallup
58%
RB Bears David Montgomery
57%
RB 49ers Raheem Mostert
57%
QB Panthers Teddy Bridgewater
57%
RB Chiefs Clyde Edwards-Helaire
56%
RB Jets Le'Veon Bell
56%
RB Broncos Melvin Gordon
56%
WR Rams Robert Woods
56%
QB Redskins Dwayne Haskins
54%
WR Lions Kenny Golladay
54%
RB Ravens Mark Ingram
54%
WR Texans Brandin Cooks
52%
WR Panthers Robby Anderson
51%
WR Chiefs Sammy Watkins
51%
WR Packers Allen Lazard
50%
RB Rams Cam Akers
49%
RB Redskins Antonio Gibson
47%
RB Patriots Sony Michel
47%
WR Giants Sterling Shepard
47%
WR Cardinals Larry Fitzgerald
46%
RB Colts Marlon Mack
45%
WR Texans Will Fuller
45%
WR Jaguars D.J. Chark
43%
WR Raiders Henry Ruggs
41%
RB Cardinals Kenyan Drake
40%
WR Eagles Alshon Jeffery
39%
WR Giants Darius Slayton
39%
WR Patriots N'Keal Harry
39%
WR Jets Jamison Crowder
36%
WR Ravens Willie Snead
25%
WR 49ers Kendrick Bourne
24%
WR Bears Anthony Miller
23%
WR Jaguars Laviska Shenault
22%
RB Dolphins Jordan Howard
21%
WR Jets Breshad Perriman
16%
WR Colts Parris Campbell
16%
WR Redskins Steven Sims
15%
No matching quizzes found
Score Distribution
Percent of People with Each Score
Percentile by Number Answered
Your Score History
You have not taken this quiz since the last reset